00634nam a2200217Ia 4500003000400000005001700004006001800021007000300039008004100042024001000083037001800093040001800111041001300129100002300142110006200165245007000227260000900297650002100306700002700327700006200354OSt20220930204324.0a|||||r|||| 00| 0ta220926b |||||||| |||| 00| 0 hin d a96606 cDissertations aCRLcCRLbhin 2hinahin aTiwari Ajeet Kumar aUniversity of Delhi. Faculty of Arts. Department of Hindi 0aSabalturn adhyayan mein jatiyeta ki avdharna aur Ram Vilas Sharma c2008 aHINDI LITERATURE a Prof. Ajay Tiwari Gu. aUniversity of Delhi. Faculty of Arts. Department of Hindi